000 00401nam a22001217a 4500
999 _c10118
_d10118
003 OSt
008 201218b ||||| |||| 00| 0 eng d
245 _aIndian Journal of Computer Engineering and Networks
250 _a2016(Jan-Jun Vol.5 No.1, Jul-Dec Vol.5 No.2) 2017(Jan-Jun Vol.6 No.1)
260 _aNew Delhi
_bGBS Publishers and Distributors
650 _aInformation Technology
942 _2ddc
_cBV